[Event "ESP-ch U12"]
[Site "Salobrena"]
[Date "2023.07.14"]
[Round "8"]
[White "Bocos Delgado, Jon"]
[Black "Lara Mezcua, Hector"]
[Result "1-0"]
[WhiteElo "1684"]
[BlackElo "1495"]
[PlyCount "201"]
[EventDate "2023.07.10"]
[EventType "swiss"]
[EventRounds "9"]
[EventCountry "ESP"]
[SourceTitle "EXT 2024"]
[Source "ChessBase"]
[SourceDate "2023.10.10"]
[SourceVersion "1"]
[SourceVersionDate "2023.10.10"]
[SourceQuality "1"]

1. e4 e6 2. d4 d5 3. exd5 exd5 4. Qf3 Nf6 5. h3 Bd6 6. Bd3 Be6 7. Ne2 Nbd7 8. Bg5 h6 9. Bf4 Nb6 10. Nbc3 Bxf4 11. Nxf4 c6 12. Nxe6 fxe6 13. Bg6+ Kd7 14. b3 Rf8 15. 0-0 Ne4 16. Qe3 Nxc3 17. Qxc3 Qf6 18. Qd3 Nc8 19. Rae1 Ne7 20. Bh5 g6 21. Bd1 Nf5 22. c3 Rae8 23. Re5 Nd6 24. Bc2 g5 25. Qg6 Qxg6 26. Bxg6 Re7 27. Rfe1 Rf6 28. Bh5 Ne4 29. Re3 Nxf2 30. Bf3 Ne4 31. Bxe4 dxe4 32. R3xe4 b6 33. Re2 Kd6 34. b4 Rf4 35. R2e3 Rf5 36. R5e4 Rf6 37. Re5 Rf5 38. R5e4 Rf6 39. g3 Ref7 40. Re2 Rf1+ 41. Kg2 R1f6 42. h4 gxh4 43. Rxh4 Kd5 44. Rhe4 Rf2+ 45. Kh3 Rxe2 46. Rxe2 Rf6 47. a4 Kc4 48. Re3 b5 49. a5 Kb3 50. Kg2 Kc2 51. g4 Kd2 52. Rh3 Kc2 53. Re3 Kd2 54. Rg3 Kc2 55. Kh2 Rf2+ 56. Kh3 Rf1 57. Re3 Rf6 58. Kh4 Kd2 59. Rh3 a6 60. Kh5 Ke2 61. c4 Kd2 62. cxb5 cxb5 63. Rg3 Kc2 64. Re3 Kd2 65. Re5 Kd3 66. Rc5 Rf8 67. Rc6 Ra8 68. Kxh6 Kxd4 69. Rxe6 Kc4 70. Re4+ Kd5 71. Rf4 Ke5 72. Rf5+ Ke6 73. Kg7 Ra7+ 74. Kg6 Ra8 75. Rf7 Rg8+ 76. Rg7 Ra8 77. g5 Kd5 78. Rc7 Kd6 79. Rc2 Rf8 80. Kg7 Rf4 81. Rd2+ Ke7 82. Rb2 Rg4 83. g6 Rh4 84. Re2+ Kd6 85. Rd2+ Ke7 86. Re2+ Kd6 87. Rb2 Ke7 88. Kg8 Rg4 89. g7 Rh4 90. Re2+ Kd7 91. Kf7 Rf4+ 92. Kg6 Rg4+ 93. Kh7 Rh4+ 94. Kg8 Rxb4 95. Re5 Kd6 96. Rh5 Kc6 97. Rh6+ Kb7 98. Kh7 Rg4 99. g8Q Rxg8 100. Kxg8 b4 101. Rb6+ 1-0

[Event "ESP-ch U12"]
[Site "Salobrena"]
[Date "2023.07.13"]
[Round "6"]
[White "Lara Mezcua, Hector"]
[Black "Lopez Martinez, Jaime"]
[Result "0-1"]
[WhiteElo "1495"]
[BlackElo "1936"]
[PlyCount "128"]
[EventDate "2023.07.10"]
[EventType "swiss"]
[EventRounds "9"]
[EventCountry "ESP"]
[SourceTitle "EXT 2024"]
[Source "ChessBase"]
[SourceDate "2023.10.10"]
[SourceVersion "1"]
[SourceVersionDate "2023.10.10"]
[SourceQuality "1"]

1. c4 e5 2. Nc3 Nc6 3. g3 g6 4. Bg2 Bg7 5. d3 d6 6. Nf3 Nge7 7. e4 0-0 8. 0-0 f5 9. Nd5 fxe4 10. dxe4 a6 11. Bg5 h6 12. Be3 Bg4 13. h3 Be6 14. Qd2 Kh7 15. Rac1 Qd7 16. Kh2 Rf7 17. Ne1 g5 18. Nd3 Ng6 19. f4 exf4 20. gxf4 gxf4 21. N5xf4 Nxf4 22. Bxf4 Raf8 23. b3 Nd4 24. Qe3 b6 25. Bg3 Rxf1 26. Rxf1 Rxf1 27. Bxf1 Qf7 28. Bg2 Qh5 29. Nf4 Qd1 30. Nxe6 Nxe6 31. Qf2 Nd4 32. h4 Qe2 33. Qxe2 Nxe2 34. h5 Bf6 35. b4 Nc3 36. c5 Be5 37. cxb6 cxb6 38. Bxe5 dxe5 39. a3 Nb1 40. Bf1 b5 41. a4 bxa4 42. Bxa6 a3 43. Bc4 Nc3 44. Kg3 Kg7 45. Kf3 a2 46. Bxa2 Nxa2 47. b5 Kf6 48. b6 Nb4 49. Kg4 Nc6 50. Kh4 Ke6 51. Kg4 Na5 52. Kh4 Nb7 53. Kg4 Nd6 54. Kf3 Kd7 55. Kg4 Kc6 56. b7 Kxb7 57. Kf3 Kc6 58. Ke3 Kc5 59. Kd3 Kb4 60. Kd2 Kc4 61. Ke3 Kc3 62. Ke2 Kd4 63. Kf3 Kd3 64. Kf2 Kxe4 0-1

[Event "ESP-ch U12"]
[Site "Salobrena"]
[Date "2020.07.27"]
[Round "2"]
[White "Lara Mezcua, Hector"]
[Black "Sierra Vallina, Lionel"]
[Result "0-1"]
[WhiteElo "1021"]
[BlackElo "1804"]
[PlyCount "54"]
[EventDate "2020.07.27"]
[EventType "swiss"]
[EventRounds "9"]
[EventCountry "ESP"]
[SourceTitle "EXT 2021"]
[Source "ChessBase"]
[SourceDate "2020.10.23"]
[SourceVersion "1"]
[SourceVersionDate "2020.10.23"]
[SourceQuality "1"]

1. c4 f5 2. d4 Nf6 3. Nc3 g6 4. h4 Bg7 5. h5 Nxh5 6. Rxh5 gxh5 7. e4 0-0 8. Qxh5 Qe8 9. Qh2 Nc6 10. Be3 f4 11. Bxf4 Nxd4 12. 0-0-0 e5 13. Be3 d6 14. Nd5 Qf7 15. Qg3 c6 16. Nc3 Be6 17. b3 a5 18. Kb2 a4 19. Nxa4 b5 20. cxb5 cxb5 21. Nc3 Bxb3 22. Ra1 Bxa2 23. Nd5 Bxd5 24. exd5 Qxd5 25. Bh6 Nf5 26. Qb3 Qxb3+ 27. Kxb3 Rxa1 0-1